| 000 | 01750cam a22004094i 4500 | ||
|---|---|---|---|
| 003 | PE-LiUPU | ||
| 005 | 20250731173222.0 | ||
| 008 | 150625s r 000 0 d | ||
| 035 | _a(Sirsi) a33831 | ||
| 040 |
_aPE-LiUPU _bspa _cPE-LiUPU _erda |
||
| 082 | 0 | 4 |
_a221.07 _bOTL _221 |
| 100 | 1 |
_aEichrodt, Walther, _eautor. |
|
| 245 | 1 | 0 |
_aEzekiel : _bA commentary / _cWalther Eichrodt. |
| 264 | 1 |
_aPhiladelphia : _bThe Westminster press, _c1970. |
|
| 300 |
_a594 páginas ; _c23 centímetros. |
||
| 336 |
_atext _2rdacontent |
||
| 337 |
_aunmediated _2rdamedia |
||
| 338 |
_avolume _2rdacarrier |
||
| 490 | 0 | _a(The Old Testament Library) | |
| 505 | 0 | _aThe vision in whitch the prophet receives his call. -The commissioning by God. -The office of watchman and the prophecy of dumbness. -Symbolic actions showing the catastrophe that is to come upon Jerusalem. -Two disputed sayings. -Against falese prophets and prophetesses. -The man to whom the prophet has nothing to say. -The special way in whitch God deals with Jerusalem. -Useless vine wood. -The unfaithful wife. -The parable of the cedar and the two eagles. -Release from imprisonment in guilt. | |
| 526 | _aSEG42 | ||
| 526 | _aSEG41 | ||
| 526 | _aSEG40 | ||
| 526 | _aSEG39 | ||
| 526 | _aP94 | ||
| 526 | _aP87 | ||
| 526 | _aP86 | ||
| 526 | _aP85 | ||
| 526 | _aP77 | ||
| 526 | _aP76 | ||
| 526 | _aP35 | ||
| 630 |
_aBiblia. _pEzequiel _xCrítica e interpretación |
||
| 942 |
_2ddc _cBK |
||
| 949 |
_a221.07 OTL 26 _wDEWEY _c1 _i37808 _lCCODEBUL1 _mBUL _p00.00 _r0 _sY _tBOOK _u2015-06-25 _xTEOLOGIA _zUNKNOWN _0COMPRA _o.STAFF. Colección General |
||
| 999 |
_c41622 _d41622 |
||
| 980 |
_81 _gALBERTO SANCHEZ Responsable de Automatización |
||